| 000 | 00747nam a2200217 i 4500 | ||
|---|---|---|---|
| 001 | 143955 | ||
| 003 | ES-MaACL | ||
| 005 | 20230906200920.0 | ||
| 007 | t| | ||
| 008 | 070214s1982 sp r ||||1| spa d | ||
| 020 | _a84-85290-29-1 | ||
| 080 | _a821.134.2(8.03)"19":92(03) | ||
| 245 | 0 | 0 |
_aDiccionario de autores iberoamericanos / _cdirigido por Pedro Shimose. |
| 260 |
_aMadrid : _bInstituto de Cooperación Iberoamericana, _c1982. |
||
| 300 |
_a459 p. ; _c22 cm. |
||
| 650 | 4 |
_aEscritores hispanoamericanos- _yS.XX- _xBiografías- _vDiccionarios. _9163588 |
|
| 700 | 1 |
_aShimose, Pedro. _9106127 |
|
| 710 | 2 |
_aInstituto de Cooperación Iberoamericana. _94848 |
|
| 852 |
_aES-MaACL _jL-1997 _bR.102860 |
||
| 852 |
_aES-MaACL _jL-2601 _bR.102861 |
||
| 999 |
_c143955 _d143955 |
||